US Cities A-Z - Statistics

General Stats
  • This quiz has been taken 33 times
  • The average score is 36 of 50
Answer Stats
Hint City % Correct
E) West Texas city on the border withJuarez, Mexico El Paso
100%
O) Home to DisneyWorld Orlando
100%
S) Alcatraz, Fishermans Wharf, and the Golden Gate are iconic landmarks here San Francisco
100%
B) Aka Beantown, home of Fenway Park Boston
97%
C) Also called the Windy City, but its notgenerally super windy Chicago
97%
D) Also known as the Mile High City Denver
97%
N) Aka the Big Apple, the largest city in America New York
97%
A) Home to the University ofTexas and the SXSW film festival Austin
94%
K) City on both sides of the border, thoughthe Chiefs and Royals play in Missouri Kansas City
94%
L) Aka the city of Angels or Tinseltown Los Angeles
94%
M) South Beach and Biscayne Bay are popularspots here Miami
94%
M) Larger of the twin cities, though not the capital Minneapolis
94%
N) Birthplace of Jazz and home to the famousBourbon street New Orleans
94%
P) Aka the Steel City on 3 rivers Pittsburgh
94%
S) Home to the Space Needle Seattle
94%
W) The capital of the US Washington DC
94%
H) Montana city or a common female name Helena
90%
Q) Section of New York, home to neighborhoodslike Astoria and Flushing Queens
90%
A) Breaking Bad was set in this city Albuquerque
87%
J) North Florida city home to the Jaguars Jacksonville
87%
R) Nevada city often known as the "biggest littlecity in the world" Reno
87%
V) Washington city that shares a name witha major city in Canada Vancouver
87%
F) Large city adjacent to Dallas Fort Worth
84%
P) Often called the City of Brotherly Love Philadelphia
81%
B) Francis Scott Key wrote the Star Spangled Banner in this cities' harbor Baltimore
77%
J) VA city home to the first permanent English colony in America Jamestown
77%
O) Home to NBAs Thunder Oklahoma City
77%
R) NC city in the heart of the prestigious ResearchTriangle Raleigh
77%
C) Home to the Hurricanes, Panthers,and Hornets Charlotte
74%
H) Connecticut city called the insurance capitalof the world and home to the Colt revolvers Hartford
74%
K) home to the University of Tennessee Knoxville
74%
G) Home to the University of Florida Gainesville
68%
Q) Suburb south of Boston, birthplace of the2nd president Quincy
68%
F) This Arizona city is the gateway toHumphreys Peak Flagstaff
65%
I) Home to the University of Iowa Iowa City
65%
T) Toyota has a popular truck that shares a namewith this Washington city, neighbor of the above Tacoma
65%
L) Translates to "the crosses" in English Las Cruces
55%
E) Home to Michigan State University East Lansing
52%
Y) Central Washington city near Mt Rainier and serves as a major agricultural hub Yakima
45%
Z) Common male name or a suburb town of Baton Rouge, LA Zachary
45%
I) California city home to Bommer Canyon Irvine
42%
X) The only city that starts with X in the US,located in Ohio Xenia
42%
T) George Washington crossed the Delaware riverto surprise Hessian troops here Trenton
39%
V) Mississippi city, site of a major naval battleduring the Civil War from late 1862-1863 Vicksburg
39%
W) Indiana city home to Purdue University West Lafayette
39%
Y) Coastal VA town where Gen Cornwallis surrenderedto Washingtons army during the American Revolution Yorktown
39%
U) Southern TX city, home of actor Matthew McConaughey Uvalde
29%
G) New Mexico city on the Arizona that lieson a historic section of route 66 Gallup
26%
Z) Wealthy suburb of Indianapolis, IN known for itsartsy main streets Zionsville
23%
U) The native name of Barrow, Alaska Utqiagvik
10%
No matching quizzes found
Score Distribution
Percent of People with Each Score
Percentile by Number Answered
Your Score History
You have not taken this quiz